=LDR 00000nam 2200000 4500 =001 INLIS000000000036985 =005 20130612142734 =008 ***********************************Ind** =035 ##$$0010-061300000036985 =041 ##$$a Ind =082 ##$$a 813 =090 ##$$a 813, Mar s =100 ##$$a Margaretha =245 ##$$a Sleeping Ugly, Margaretha =260 ##$$a 2011 $b Jakarta =300 ##$$a 209 hlm, 20 cm =650 ##$$a Fiksi Indonesia =850 ##$$a NBPNMAT =990 ##$$a 21400613/BPAP-NTB/20142014 =990 ##$$a 0001/BPAP-NTB/20142015